00935nab a22002177a 4500003000400000005001700004008004100021040000700062100002900069245008400098260004200182300001300224500003700237505012700274505008900401650002000490650002500510650002400535650003900559773011900598OSt20260201180535.0190506c xxu||||| |||| 00| 0 spa d cPJ aKornmann, Luis Mauricio 10aLa reparación integral en el accidente in itinere /cLuis Mauricio Kornmann.  aBuenos Aires :bAbeledoPerrot,c2023. ap. 18-22 aCita: TR LALEY AR/DOC/2351/2023  aSumario: I. Introducción.— II. El caso.— III. Antecedentes.— IV. Síntesis y conclusiones.— V. Bibliografía.  t¿Te interesa el texto completo? Comunicate al correo: koha@justierradelfuego.gov.ar 0aDERECHO LABORAL 0aACCIDENTE IN ITINERE 0aREPARACION INTEGRAL 0aASEGURADOR POR RIESGOS DEL TRABAJO0 02751dBuenos Aires : AbeledoPerrot, 2013-tRevista de derecho laboral y seguridad social. Nº 21 - Noviembre 2023